Statistiques concernant Ballon d'or 2015

Cliquez ici pour prendre le quiz!

Statistiques générales

  • Ce quiz a été pris 274 fois
  • Le résultat moyen est 20 sur 23

Statistiques - réponses

RangJoueursNationalitéPoints% Correct
2Cristiano RonaldoPortugal1262
100%
1Lionel MessiArgentine1840
100%
3Neymar JrBrésil336
100%
4Robert LewandowskiPologne188
100%
8Eden HazardBelgique62
98%
5Luis SuárezUruguay166
98%
11Zlatan IbrahimovićSuède47
97%
16Gareth BalePays de Galles29
95%
7Manuel NeuerAllemagne86
94%
6Thomas MüllerAllemagne97
93%
9Andrés IniestaEspagne55
92%
20Karim BenzemaFrance18
89%
18Kevin De BruyneBelgique21
88%
10Alexis SánchezChili51
86%
19James RodríguezColombie20
86%
15Paul PogbaFrance32
80%
17Arturo VidalChili26
78%
12Yaya TouréCôte d'Ivoire38
75%
13Sergio AgüeroArgentine37
74%
Arjen RobbenPays-Bas13
72%
23Ivan RakitićCroatie2
71%
21Toni KroosAllemagne13
58%
14Javier MascheranoArgentine35
54%

Distribution des résultats

Percentile par nombre de réponses

% des personnes avec chaque résultat

Votre développement - résultats

Vous n’avez pas pris ce quiz